[Event "CRO-ch U11"]
[Site "Trogir"]
[Date "2023.06.22"]
[Round "3"]
[White "Golubovic, Erik"]
[Black "Horvat, Rudjer"]
[Result "1-0"]
[WhiteElo "1925"]
[BlackElo "1166"]
[PlyCount "67"]
[EventDate "2023.06.21"]
[EventType "swiss"]
[EventRounds "9"]
[EventCountry "CRO"]
[SourceTitle "EXT 2024"]
[Source "ChessBase"]
[SourceDate "2023.10.10"]
[SourceVersion "1"]
[SourceVersionDate "2023.10.10"]
[SourceQuality "1"]

1. d4 d5 2. c4 Nf6 3. Nf3 Nc6 4. cxd5 Nxd5 5. e4 Nf6 6. d5 Nxe4 7. Be3 Nb8 8. Qa4+ Nd7 9. Qxe4 g6 10. Bd4 f6 11. Nc3 Bg7 12. Bc4 0-0 13. 0-0 Re8 14. Rfe1 Nf8 15. Rad1 f5 16. Qd3 e6 17. Bxg7 Kxg7 18. dxe6 Qxd3 19. Rxd3 Nxe6 20. Rde3 Kf7 21. Bxe6+ Bxe6 22. Ng5+ Kf6 23. Nxe6 Re7 24. Nd5+ Kf7 25. Nxe7 Kxe7 26. Nxc7+ Kd7 27. Nxa8 Kd6 28. Rc3 Kd7 29. f4 Kd6 30. Rd1+ Ke6 31. Re3+ Kf6 32. Rd6+ Kg7 33. Rd7+ Kf6 34. Ree7 1-0